| 000 | 00467nam a22001937a 4500 | ||
|---|---|---|---|
| 003 | CEME | ||
| 005 | 20210628203131.0 | ||
| 008 | 210209b xxu||||| |||| 00| 0 eng d | ||
| 020 | _a0-910608709 | ||
| 040 | _c. | ||
| 082 | _a025.431 DEW | ||
| 100 |
_aDewey , Melvil _936998 |
||
| 245 | _aDewey decimal classification and relative indes, ddc 22 | ||
| 250 | _a22 ND | ||
| 260 |
_aDUBLIN _c2003 |
||
| 300 | _a4VOLS | ||
| 650 |
_aDDC-22 _963522 |
||
| 942 |
_cBK _2ddc |
||
| 999 |
_c572317 _d572317 |
||